Statistics for Borderlands 2 Trivia

Click here to take the quiz!

General Stats

  • This quiz has been taken 1,652 times
    (1,649 since last reset)
  • The average score is 7 of 15

Answer Stats

HintAnswer% Correct
Maya's Action SkillPhase Lock
87%
3 Marcus heads on the Slot Machines get you what colour weapon?Purple
78%
This Easter Egg is pretty Blocky.Minecraft
77%
First BossKnuckle Dragger
72%
The loud and obnoxious gunThe Bane
60%
What is the crater in the Torgue dlc called?Badass Crater of Badassitude
56%
How do you finally finish off The Warrior?MoonShot
54%
A big Thresher.Terramorphous
46%
Creepy guy with many alter ego's who gives quests in Oasis.Shade
44%
Invincible VarkidVermivorous
40%
Who do you have to farm in order to get The Bee Shield?Hunter Hellquist
33%
Handsome Jack's reference to the movie 'Se7en'WHAT'S IN THE BOX?!
32%
What is the Intro song called?Short Change Hero
31%
Who did Gaige's robot target as a threat and kill in Gaige's echo logs?Marcy
9%
What is the second to last stage of Varkid evolution called?Supreme Badass
9%

Score Distribution

Percentile by Number Answered

Percent of People with Each Score

Your Score History

You have not taken this quiz since the last reset